[Event "AUTO-OPEN-2605"]
[Site "http://www.queenalice.com/game.php?id=1027718"]
[Date "2012.2.8"]
[Round "1"]
[White "retkat"]
[Black "Capivara"]
[Result "0-1"]
[WhiteElo "2083"]
[BlackElo "2309"]

1. e4 e5 2. Nf3 Nc6 3. d4 exd4 4. Nxd4 Bc5 5. Be3 Qf6 6. c3 Nge7 7. Be2 d6 8.
O-O Bd7 9. Na3 O-O 10. Nxc6 Bxc6 11. Bxc5 dxc5 12. Qc2 Ng6 13. Rfe1 Rfe8 14. f3
Rad8 15. Rad1 a6 16. Nc4 b5 17. Na5 c4 18. Nxc6 Qxc6 19. g3 Qc5+ 20. Kg2 Qg5 21.
Kf2 Qc5+ 22. Kf1 Qh5 23. h4 Nf8 24. Kg2 Qg6 25. Rxd8 Rxd8 26. Rd1 Re8 27. b3
cxb3 28. axb3 Ne6 29. Qd2 Qf6 30. Qe3 Qe7 31. Ra1 Qd6 32. b4 c5 33. e5 Qc6 34.
Rd1 c4 35. Rd6 Qb7 36. Kf2 Nc7 37. f4 g6 38. Bf3 Qb8 39. h5 Re7 40. h6 Qf8 41.
Rc6 Ne6 42. Rxa6 Qxh6 0-1

[Event "AUTO-OPEN-2605"]
[Site "http://www.queenalice.com/game.php?id=1027719"]
[Date "2012.2.8"]
[Round "1"]
[White "Capivara"]
[Black "moe78"]
[Result "1-0"]
[WhiteElo "2302"]
[BlackElo "1963"]

1. d4 d5 2. c4 e6 3. Nc3 Nf6 4. Nf3 Be7 5. Qc2 c6 6. e4 O-O 7. e5 Nfd7 8. Bd3 f5
9. b3 b6 10. O-O Na6 11. a3 Nc7 12. Be3 g6 13. cxd5 exd5 14. Ne2 Bb7 15. Bh6 Rf7
16. b4 a5 17. Qb3 Bf8 18. Bd2 axb4 19. axb4 h6 20. Nf4 Rg7 21. e6 Nf6 22. Ne5
Ne4 23. Bxe4 Rxa1 24. Rxa1 fxe4 25. Qh3 Bc8 26. Nfxg6 Nxe6 27. Ra8 1-0

[Event "AUTO-OPEN-2605"]
[Site "http://www.queenalice.com/game.php?id=1027720"]
[Date "2012.2.8"]
[Round "1"]
[White "moe78"]
[Black "Capivara"]
[Result "0-1"]
[WhiteElo "1966"]
[BlackElo "2294"]

1. d4 Nf6 2. c4 e6 3. Nf3 b6 4. a3 Bb7 5. Nc3 d5 6. cxd5 Nxd5 7. Qc2 Nxc3 8.
bxc3 c5 9. e4 Nd7 10. Bb5 a6 11. Bxd7+ Qxd7 12. Be3 Qc6 13. Nd2 cxd4 14. Bxd4
Bc5 15. Bxc5 Qxc5 16. O-O O-O 17. Nb3 Qc6 18. Rfe1 Rac8 19. Rac1 Rfd8 20. Nd2
Qd6 21. Rcd1 Qxa3 22. Qb3 Qxb3 23. Nxb3 Bxe4 24. Rd4 Bd5 25. Rb4 Rxc3 0-1

[Event "AUTO-OPEN-2605"]
[Site "http://www.queenalice.com/game.php?id=1027721"]
[Date "2012.2.8"]
[Round "1"]
[White "Capivara"]
[Black "boparame"]
[Result "1/2-1/2"]
[WhiteElo "2304"]
[BlackElo "2471"]

1. Nf3 d5 2. d4 Nc6 3. Bf4 Nf6 4. e3 Bg4 5. Nbd2 g6 6. h3 Bxf3 7. Nxf3 Bg7 8.
Bb5 Nd7 9. O-O O-O 10. c4 dxc4 11. Bxc6 bxc6 12. Qa4 c5 13. Qxc4 cxd4 14. exd4
Nb6 15. Qxc7 Bxd4 16. Nxd4 Qxd4 17. Bh6 Rfe8 18. b3 Qh4 19. Bd2 e6 20. Rad1 Nd5
21. Qe5 Qf6 22. Qxf6 Nxf6 23. Be3 Nd5 24. Bd4 f6 25. Rd2 Kf7 26. Rfd1 Re7 27.
Bc5 Rb7 28. b4 h5 29. a3 g5 30. Rc1 a5 31. Rb2 Nf4 32. Rd1 Rc8 33. Rbd2 Nd5 34.
Rd4 Rcc7 35. Kh2 Rc6 36. R1d3 f5 37. Rg3 Kf6 38. Rgd3 Ke5 39. Rd2 Rb5 40. Rc4
Ra6 41. Bd4+ Kd6 42. a4 Rxb4 43. Bc5+ Ke5 44. Bd4+ Kd6 45. Bc5+ Ke5 46. Bd4+ Kd6
47. Bc5+ 1/2-1/2

[Event "AUTO-OPEN-2605"]
[Site "http://www.queenalice.com/game.php?id=1027722"]
[Date "2012.2.8"]
[Round "1"]
[White "boparame"]
[Black "Capivara"]
[Result "0-1"]
[WhiteElo "2470"]
[BlackElo "2312"]

1. d4 Nf6 2. Nf3 d5 3. g3 Bf5 4. Bg2 e6 5. O-O Be7 6. c3 Nbd7 7. Nh4 Be4 8. Nf3
c5 9. e3 O-O 10. Nbd2 Bd3 11. Re1 c4 12. Bf1 Bxf1 13. Kxf1 b5 14. e4 Rc8 15. Kg2
dxe4 16. Nxe4 Nxe4 17. Rxe4 Nc5 18. Re5 a6 19. Kg1 Nd3 20. Re3 Bf6 21. Ne1 e5
22. Nxd3 exd4 23. cxd4 Qxd4 24. Qe2 cxd3 25. Rxd3 Rfe8 26. Qf1 Qc4 27. Kg2 Re6
28. Qd1 h6 29. Be3 Bxb2 30. Rb1 Bf6 31. a3 Qe4+ 32. f3 Qg6 33. Bf2 Rec6 34. Rbb3
Rc2 35. Rd2 Rxd2 36. Qxd2 Qc2 37. Rd3 Qxd2 38. Rxd2 Rc3 39. Ra2 Be7 40. a4 b4
41. Re2 Bf6 42. Be1 Rc4 43. Re8+ Kh7 44. Rb8 a5 45. Rb5 Rc2+ 46. Kf1 Ra2 47. h4
Rxa4 48. Ke2 Ra2+ 49. Kd3 Ra3+ 50. Kc4 Rxf3 51. Rxa5 b3 52. g4 b2 53. Rb5 Rf1
0-1

[Event "AUTO-ELITE-919"]
[Site "http://www.queenalice.com/game.php?id=1028038"]
[Date "2012.2.9"]
[Round "1"]
[White "danbots5k"]
[Black "Capivara"]
[Result "1/2-1/2"]
[WhiteElo "2452"]
[BlackElo "2296"]

1. e4 e5 2. Nc3 Nf6 3. Nf3 Nc6 4. Be2 Bc5 5. O-O d6 6. h3 O-O 7. d3 a6 8. Bg5 h6
9. Be3 Nd4 10. Bxd4 exd4 11. Nb1 Ba7 12. Nbd2 Re8 13. Nb3 c5 14. a4 d5 15. exd5
Qxd5 16. Re1 Bd7 17. Nfd2 Qg5 18. Bf3 Rxe1+ 19. Qxe1 Re8 20. Qf1 b6 21. Ne4 Nxe4
22. dxe4 Bc8 23. g3 Bb8 24. Bg2 Bb7 25. Re1 Bd6 26. Kh2 Qg6 27. f4 h5 28. h4 Bc8
29. e5 Be7 30. Be4 Qg4 31. Nd2 Bd8 32. Bc6 Rf8 33. Ne4 Be7 34. Nf2 Qe6 35. Be4
c4 36. Qe2 g6 37. Qf3 Rd8 38. Rd1 b5 39. axb5 axb5 40. Bb7 Kg7 41. Bxc8 Qxc8 42.
Ra1 d3 43. cxd3 cxd3 44. Rd1 Qc2 45. Kh3 d2 46. Qc3 Qa4 47. Kg2 Bb4 48. Qc6 Kh6
49. f5 Qb3 50. Qf6 Qd5+ 51. Kh3 Rf8 52. Qg5+ Kg7 53. Qf4 Qc4 54. Ne4 Qb3 55. f6+
Kh7 56. Ng5+ Kg8 57. Qf1 Qc4 58. Qf3 Re8 59. Kg2 Rc8 60. e6 fxe6 61. Qe3 Rf8 62.
Qa7 Qe2+ 1/2-1/2

[Event "AUTO-ELITE-919"]
[Site "http://www.queenalice.com/game.php?id=1028039"]
[Date "2012.2.9"]
[Round "1"]
[White "Capivara"]
[Black "danbots5k"]
[Result "0-1"]
[WhiteElo "2288"]
[BlackElo "2412"]

1. e4 Nc6 2. d4 d5 3. e5 Bf5 4. Nf3 e6 5. Bd3 Nge7 6. O-O Bxd3 7. Qxd3 Qd7 8. a4
Nf5 9. a5 a6 10. c3 Be7 11. Be3 f6 12. Bf4 g5 13. exf6 gxf4 14. fxe7 Qxe7 15.
Qd2 Qd6 16. b4 O-O 17. Na3 Kh8 18. Nc2 Rf6 19. Nce1 Rg8 20. Kh1 Nh6 21. Nd3 Rg7
22. Nc5 Nd8 23. Rae1 Qf8 24. Rg1 b6 25. Nxa6 Nb7 26. Qe2 Nd6 27. Nd2 Ng4 28. h3
Ne4 29. Nxe4 dxe4 30. f3 Ne3 31. axb6 cxb6 32. Qf2 Rfg6 0-1

[Event "AUTO-ELITE-919"]
[Site "http://www.queenalice.com/game.php?id=1028044"]
[Date "2012.2.9"]
[Round "1"]
[White "Capivara"]
[Black "mandaragit"]
[Result "1-0"]
[WhiteElo "2280"]
[BlackElo "2350"]

1. d4 Nf6 2. c4 g6 3. Nc3 Bg7 4. e4 d6 5. Be2 O-O 6. Nf3 c5 7. d5 e6 8. O-O exd5
9. exd5 Bg4 10. h3 Bxf3 11. Bxf3 Nbd7 12. Bf4 Ne8 13. Re1 Ne5 14. Be2 h6 15. Qd2
Kh7 16. Bg3 f5 17. f4 Nd7 18. Bf2 Nef6 19. Bd3 Re8 20. Rxe8 Nxe8 21. Re1 Nc7 22.
Qe2 Qf8 23. Qe7 Rd8 24. Bh4 Qxe7 25. Rxe7 1-0

[Event "AUTO-ELITE-919"]
[Site "http://www.queenalice.com/game.php?id=1028045"]
[Date "2012.2.9"]
[Round "1"]
[White "mandaragit"]
[Black "Capivara"]
[Result "1/2-1/2"]
[WhiteElo "2238"]
[BlackElo "2314"]

1. d4 d5 2. c4 e6 3. Nc3 Nf6 4. cxd5 exd5 5. Bg5 Be7 6. e3 c6 7. Bd3 Qb6 8. Qc2
Nbd7 9. Nf3 h6 10. Bh4 O-O 11. O-O Re8 12. Rab1 a5 13. a3 Nf8 14. Bxf6 Bxf6 15.
b4 axb4 16. axb4 Bg4 17. Nd2 Be6 18. b5 Qc7 19. bxc6 bxc6 20. Na4 Be7 21. Nc5
Bxc5 22. Qxc5 Nd7 23. Qc2 c5 24. dxc5 Qxc5 25. Nf3 Qxc2 26. Bxc2 Rec8 27. Nd4
Ne5 28. h3 Nc6 29. Nf3 Kf8 30. Rfd1 Ke7 31. Bb3 Rcb8 32. Bc2 Rxb1 33. Rxb1 Ra2
34. Bb3 Ra3 35. Kf1 Bf5 36. Rb2 Be4 37. Ke2 Na5 38. Ba2 Nc4 39. Rb7+ Ke6 40.
Nd4+ Kf6 41. Bb3 Bxg2 42. h4 Ra1 43. Bxc4 dxc4 44. Rc7 g6 45. f3 Bf1+ 46. Kf2
Bd3 47. Rc6+ Kg7 48. Kg3 Rg1+ 49. Kf2 Rh1 50. Kg3 Rg1+ 51. Kf2 Rh1 52. Kg3 Rg1+
1/2-1/2

[Event "AUTO-OPEN-2605"]
[Site "http://www.queenalice.com/game.php?id=1105361"]
[Date "2012.9.22"]
[Round "2"]
[White "Capivara"]
[Black "gmvilela"]
[Result "1-0"]
[WhiteElo "2336"]
[BlackElo "2118"]

1. d4 d5 2. Nf3 Nf6 3. c4 c6 4. e3 Bf5 5. Nc3 e6 6. Bd3 Bxd3 7. Qxd3 Be7 8. O-O
Nbd7 9. e4 dxe4 10. Nxe4 Nxe4 11. Qxe4 O-O 12. Bf4 Bf6 13. Rfe1 Qb6 14. Re2 Rac8
15. Bd6 Rfe8 16. Ne5 Nxe5 17. dxe5 Be7 18. c5 Qb5 19. a4 Qa6 20. Re3 b6 21. Rh3
h6 22. b4 bxc5 23. bxc5 Rcd8 24. Rb3 1-0

[Event "AUTO-OPEN-2605"]
[Site "http://www.queenalice.com/game.php?id=1105362"]
[Date "2012.9.22"]
[Round "2"]
[White "gmvilela"]
[Black "Capivara"]
[Result "0-1"]
[WhiteElo "2172"]
[BlackElo "2329"]

1. f4 d5 2. Nf3 Nf6 3. e3 c5 4. d4 Nc6 5. c3 e6 6. Bd3 Be7 7. O-O O-O 8. Nbd2
Qc7 9. Ne5 a5 10. Rf3 h6 11. Rh3 Kh8 12. g4 Nxe5 13. fxe5 Nh7 14. Rh5 Bd7 15. h4
Be8 16. g5 f5 17. gxf6 Nxf6 18. exf6 Qg3+ 19. Kh1 Qh3+ 20. Kg1 Rxf6 0-1

[Event "AUTO-OPEN-2860"]
[Site "http://www.queenalice.com/game.php?id=1129498"]
[Date "2012.12.8"]
[Round "1"]
[White "dgrecu"]
[Black "Capivara"]
[Result "0-1"]
[WhiteElo "1347"]
[BlackElo "2342"]

1. e4 e5 2. Nc3 Nf6 3. Nf3 Nc6 4. d4 exd4 5. Nxd4 Bc5 6. Nxc6 bxc6 7. Bc4 O-O 8.
O-O Qe7 9. a3 Nxe4 10. Nxe4 Qxe4 11. Bd3 Qh4 12. b4 Bd4 13. g3 Qf6 14. Qh5 g6
15. Qg4 Bxa1 16. Bg5 Qd4 17. Qd1 Bc3 0-1

[Event "AUTO-OPEN-2860"]
[Site "http://www.queenalice.com/game.php?id=1129499"]
[Date "2012.12.8"]
[Round "1"]
[White "Capivara"]
[Black "dgrecu"]
[Result "1-0"]
[WhiteElo "2341"]
[BlackElo "1444"]

1. e4 d5 2. exd5 Qxd5 3. Nc3 Qe5+ 4. Be2 Nf6 5. Nf3 Qc5 6. d4 Qb4 7. O-O Bf5 8.
Ne5 e6 9. a3 Qa5 10. Nc4 Qa6 11. Bf4 Qc6 12. Ne3 Nbd7 13. Bb5 Qb6 14. Nc4 1-0

[Event "AUTO-OPEN-2860"]
[Site "http://www.queenalice.com/game.php?id=1129518"]
[Date "2012.12.8"]
[Round "1"]
[White "jeancarlo1910"]
[Black "Capivara"]
[Result "0-1"]
[WhiteElo "1819"]
[BlackElo "2344"]

1. d4 Nf6 2. Nf3 e6 3. Nc3 d5 4. Bg5 Bb4 5. a3 Bxc3+ 6. bxc3 c5 7. e3 Qa5 8.
Bxf6 Qxc3+ 9. Nd2 gxf6 10. Bd3 cxd4 11. O-O dxe3 12. fxe3 f5 13. Nf3 Nc6 14. Nd4
Nxd4 15. exd4 Qxd4+ 16. Kh1 O-O 17. Qh5 Qg4 18. Qxg4+ fxg4 19. Rf6 Kg7 20. Raf1
e5 21. Kg1 Be6 22. h4 Rac8 23. h5 h6 24. R6f2 e4 25. Bb5 g3 26. Rd2 Rc3 27. Ra1
Rfc8 28. Ba4 Kf6 29. Rf1+ Ke5 30. Bb3 f5 31. a4 f4 32. Re2 e3 33. Rf3 Bg4 0-1

[Event "AUTO-OPEN-2860"]
[Site "http://www.queenalice.com/game.php?id=1129519"]
[Date "2012.12.8"]
[Round "1"]
[White "Capivara"]
[Black "jeancarlo1910"]
[Result "1-0"]
[WhiteElo "2345"]
[BlackElo "1860"]

1. d4 b6 2. e4 Bb7 3. Bd3 d5 4. e5 Nc6 5. c3 e6 6. Nf3 Qd7 7. Qe2 f5 8. Be3 h6
9. h4 Nge7 10. Nbd2 O-O-O 11. Bb5 Kb8 12. O-O-O Nc8 13. h5 a5 14. Nh4 N8a7 15.
Bd3 a4 16. Ng6 Rg8 17. Nxf8 Rgxf8 18. f4 Na5 19. g4 a3 20. b3 Rc8 21. gxf5 exf5
22. Rhg1 Rf7 23. Bf2 Qe6 24. Rg6 Qe7 25. Nf3 Rg8 26. Rdg1 c6 27. e6 Rf6 28. Qe5+
Ka8 29. Rxf6 Nxb3+ 30. Kc2 gxf6 31. Rxg8+ Bc8 32. Qxf5 Na5 33. Bh4 Kb7 34. Rxc8
Nxc8 35. Bxf6 Qd6 36. Qe5 Qxe5 37. Bxe5 c5 38. f5 c4 39. Bf1 1-0

[Event "AUTO-OPEN-2860"]
[Site "http://www.queenalice.com/game.php?id=1129528"]
[Date "2012.12.8"]
[Round "1"]
[White "Deutsch88"]
[Black "Capivara"]
[Result "0-1"]
[WhiteElo "1813"]
[BlackElo "2346"]

1. Nf3 d5 2. d4 Nf6 3. c4 e6 4. Nc3 Be7 5. e3 O-O 6. Bd3 dxc4 7. Bxc4 c5 8. O-O
cxd4 9. Nxd4 e5 10. Nf3 Nc6 11. Qe2 e4 12. Nd2 Bg4 13. f3 exf3 14. Nxf3 Ne5 15.
Bb3 Rc8 16. Rd1 Qb6 17. Qf1 Nxf3+ 18. gxf3 Be6 19. Qb5 Qxb5 20. Nxb5 Bxb3 21.
axb3 Bc5 22. Nd4 Rfd8 23. Bd2 Bxd4 24. exd4 Rxd4 25. Bc3 Rxd1+ 26. Rxd1 a6 27.
Rd6 Ne8 28. Rd7 Rc7 29. Rd8 Re7 30. Kf2 b5 31. h4 h5 32. f4 f5 33. Be5 Kf7 34.
Ra8 Re6 0-1

[Event "AUTO-OPEN-2860"]
[Site "http://www.queenalice.com/game.php?id=1129529"]
[Date "2012.12.8"]
[Round "1"]
[White "Capivara"]
[Black "Deutsch88"]
[Result "1-0"]
[WhiteElo "2343"]
[BlackElo "1786"]

1. e4 c6 2. d4 Na6 3. Nc3 Nc7 4. Bf4 d6 5. Nf3 g6 6. Qd2 Bg7 7. Be2 Nf6 8. Bh6
O-O 9. Bxg7 Kxg7 10. h3 b5 11. Bd3 Re8 12. e5 Nfd5 13. Nxd5 Nxd5 14. O-O a5 15.
a4 Ba6 16. axb5 cxb5 17. Rxa5 1-0

[Event "AUTO-OPEN-2860"]
[Site "http://www.queenalice.com/game.php?id=1173506"]
[Date "2013.4.20"]
[Round "2"]
[White "junipero"]
[Black "Capivara"]
[Result "0-1"]
[WhiteElo "2015"]
[BlackElo "2349"]

1. d4 Nf6 2. c4 e6 3. Nc3 Bb4 4. e3 d5 5. cxd5 exd5 6. a3 Bd6 7. Nf3 c6 8. b4
O-O 9. h3 Bf5 10. Bb2 Nbd7 11. Bd3 Bxd3 12. Qxd3 Re8 13. O-O Nb6 14. Nd2 Bc7 15.
Rac1 Qd6 16. Nf3 Nc4 17. Rc2 b5 18. Ne2 a5 19. g3 axb4 20. axb4 Qxb4 21. Qc3 Qd6
22. Nd2 Qd7 23. Nxc4 bxc4 24. Qd2 Qxh3 25. Ra1 Ng4 26. Nc3 Rxa1+ 27. Bxa1 Qh2+
28. Kf1 Rxe3 29. fxe3 Qh1+ 30. Ke2 Qg2+ 31. Kd1 Qf1+ 32. Qe1 Nxe3+ 33. Kd2 Qd3+
0-1

[Event "AUTO-OPEN-2860"]
[Site "http://www.queenalice.com/game.php?id=1173507"]
[Date "2013.4.20"]
[Round "2"]
[White "Capivara"]
[Black "junipero"]
[Result "1-0"]
[WhiteElo "2351"]
[BlackElo "1976"]

1. e4 c5 2. Nf3 Nc6 3. d4 cxd4 4. Nxd4 e5 5. Nb5 d6 6. c4 a6 7. N5c3 Nf6 8. Be2
h6 9. Be3 Be7 10. O-O O-O 11. Na3 Be6 12. Nc2 Na5 13. Nd5 Nxe4 14. Bb6 Qd7 15.
Bxa5 Bxd5 16. Qxd5 Nf6 17. Qd2 Rac8 18. Ne3 Rc6 19. Rfd1 b6 20. Bb4 a5 21. Ba3
Rd8 22. b3 Ne4 23. Qc2 Nf6 24. Bf3 Rcc8 25. Nd5 Nxd5 26. Bxd5 Qc7 27. Qf5 Bf8
28. Rd3 Qd7 29. Qg6 Rc7 30. Rf3 Qe8 31. Re1 Ra7 32. Bc1 Rc7 33. Bxh6 Rdd7 34.
Rg3 Qe6 35. Bxe6 fxe6 36. Qxe6+ Kh7 37. Bg5 Rf7 38. Rh3+ Kg8 39. Re4 Rd7 40.
Reh4 1-0

[Event "AUTO-OPEN-2860"]
[Site "http://www.queenalice.com/game.php?id=1173510"]
[Date "2013.4.20"]
[Round "2"]
[White "Rubens2009"]
[Black "Capivara"]
[Result "0-1"]
[WhiteElo "1728"]
[BlackElo "2348"]

1. e3 c5 2. Nf3 d5 3. Be2 Nc6 4. c3 e5 5. O-O e4 6. Ne1 Nf6 7. f3 Bd6 8. fxe4
dxe4 9. d3 Qc7 10. g3 Bh3 0-1

[Event "AUTO-OPEN-2860"]
[Site "http://www.queenalice.com/game.php?id=1189683"]
[Date "2013.6.10"]
[Round "3"]
[White "pomar"]
[Black "Capivara"]
[Result "0-1"]
[WhiteElo "1950"]
[BlackElo "2353"]

1. f3 e5 2. Kf2 d5 3. e3 Bd6 4. g3 Nf6 5. c4 c6 6. cxd5 cxd5 7. Qb3 Nc6 8. Nc3
d4 9. Nb5 Be7 10. d3 Be6 11. Qa4 a6 12. Na3 b5 13. Qd1 O-O 14. Bh3 dxe3+ 15.
Bxe3 Nd5 16. Bxe6 Nxe3 17. Bxf7+ Rxf7 18. Kxe3 Qd4+ 19. Ke2 Bc5 20. Nh3 Qxb2+
21. Nc2 Nd4+ 0-1

[Event "AUTO-OPEN-2860"]
[Site "http://www.queenalice.com/game.php?id=1189684"]
[Date "2013.6.10"]
[Round "3"]
[White "Capivara"]
[Black "pomar"]
[Result "1-0"]
[WhiteElo "2352"]
[BlackElo "1956"]

1. e4 e6 2. d4 d5 3. Nc3 c5 4. Nf3 Nc6 5. Be3 Qb6 6. exd5 cxd4 7. Nxd4 Qxb2 8.
Ndb5 Nb4 9. Nc7+ Kd7 10. dxe6+ Kxc7 11. Bf4+ Kb6 12. Qd8+ 1-0